000 01188nam a22002657a 4500
005 20170124103124.0
010 _aB-158157
020 _c200.00
_a818872067
035 _aB-158157
037 _bCen Lib/Ret
040 _aDPL
_bHN
082 _a363.7
_bमधुवा
100 _aमधुवाल, रेखा
_9103834
245 _aपर्यावरण पर प्रदुषण का कहर /
_cरेखा मधुवाल
246 _aParyavaran par pradushan ka kahar /
_bby Rekha Madhuval
260 _aदिल्ली
_bगरिमा बुक्स
_c2004
270 _a6/40, मोहल्ला महाराम, गली आर्यसमाज, शाहदरा
_bदिल्ली
_e110032
300 _a186पृ.
_c21सेमी (सजिल्द )
500 _aअनुक्रमणिका शामिल
650 _aपर्यावरण प्रदुषण
_x
_z
_9103835
650 _aपर्यावरण विज्ञान
_v
_945121
650 _aEnvironmental Pollution
_919610
650 _aEnvironmental knowledge
_982769
942 _2ddc
_cHN
_h363.7
_mमधुवा
999 _c118976
_d118976